Statistics for Guns from ww2

Click here to take the quiz!

General Stats

  • This quiz has been taken 240 times
  • The average score is 2 of 24

Answer Stats

HintAnswer% Correct
A submachine gun used by commonwealth nationsSten
66%
The most common semi auto assault rifle in the USAM1 Garand
48%
German anti tank launcher in BF5Panzerfaust
31%
The commonwealth anti tank launcherPIAT
24%
Anti tank rocket launcher made by the AmericansM1 Bazooka
16%
The common commonwealth FlamethrowerM2 Flamethrower
6%
A anti tank gunBoys anti tank rifle
5%
A German machine gun produced in 1930MG 30
5%
The WW1 machine gun used by most commonwealth nationLewis machine gun
4%
Germans only non prototype assault rifleSturmgewehr 44
4%
A german sniperGewehr 43
3%
A Finnish submachine gunMP 28
3%
Used by the German secret policeMP 35
3%
1918 American machine gunBrowning M1918
2%
German submachine gunErma EMP
2%
First German FlamethrowerFlammenwerfer 35
2%
The cheaper production version of the MP40MP 3008
2%
Commonwealth infantry weaponLee–Enfield No.1 Mk III
1%
German shotgunM30 Luftwaffe drilling
1%
Used by the french resistanceMauser Karabiner 98k
1%
The main grenade in commonwealth nationsNo.36M or Mills grenade
1%
German grenade launcherSchiessbecher
1%
Submachine gun used by the Americans and FrenchThompson M1928
1%
American shotgunWinchester M1912
1%

Score Distribution

Percentile by Number Answered

Percent of People with Each Score

Your Score History

You have not taken this quiz